| 000 | 00468nam a22001577a 4500 | ||
|---|---|---|---|
| 005 | 20250129090846.0 | ||
| 008 | 250129b |||||||| |||| 00| 0 eng d | ||
| 020 | _a9780916589363 | ||
| 050 |
_aRB37 _b.L2758 |
||
| 245 |
_aLaboratory Test Handbook/ _bwith key word index _cDavid S. Jacobs...et al., |
||
| 250 | _a4th ed. | ||
| 260 |
_aHudson(Cleveland) _bLexi-Comp INC _c1996 |
||
| 300 |
_a825p. _bill. _c28.5cm |
||
| 700 | _aJacobs, David S. | ||
| 942 |
_2lcc _cBK _e4th ed. _n0 |
||
| 999 |
_c3189 _d3189 |
||